| 000 | 00890nam a22003017a 4500 | ||
|---|---|---|---|
| 003 | CHAP | ||
| 005 | 20220329140822.0 | ||
| 008 | 971013s1968 r 00010 d | ||
| 010 | _a58110 | ||
| 011 | _a59082 | ||
| 035 | _a63239 | ||
| 040 | _cCHAP | ||
| 082 |
_a632.8 _bS55 1968 |
||
| 100 | 0 | 0 |
_aSmith, Kenneth Manley. _9107062 |
| 245 | _aPlant viruses | ||
| 250 | _a4 ed. | ||
| 260 |
_aLondon : _bMethuen, _c1968 |
||
| 300 |
_a166 p. _b; láms. |
||
| 490 | _aMethuen's monographs on biological subjects | ||
| 590 |
_aBATCH-UPD _b10 _c20130110 _lUCH01 _h0318 |
||
| 590 |
_aCONVERSION _b10 _c20130109 _lUCH01 _h1331 |
||
| 650 | 1 | 4 |
_aPlantas _xEnfermedades por virus. _988834 |
| 650 | 1 | 4 |
_aVirus. _9119936 |
| 830 | 0 |
_aMethuen's monographs on biological subjects _975233 |
|
| 901 | _aBK | ||
| 942 | _cLIBRO | ||
| 949 |
_a632.8 S55 1968 _bBC _cLIBRO _d33724000181319 _eLIBRO _h27166 _i63239 _si |
||
| 999 |
_c58110 _d58110 |
||